[Event "ICS rated bullet match"]
[Site "204.178.125.65"]
[Date "2000.06.29"]
[Round "?"]
[White "Hossa"]
[Black "YourCensorList"]
[Result "1-0"]
[WhiteElo "2526"]
[BlackElo "1710"]
[PlyCount "49"]
[EventDate "2000.??.??"]

1. e4 c5 2. f4 e6 3. Nf3 Nc6 4. Bb5 a6 5. Bxc6 bxc6 6. O-O d5 7. d3 Ne7 8. Nbd2
Bb7 9. c3 Qc7 10. Nb3 f5 11. Ne5 fxe4 12. Nxc5 exd3 13. Qxd3 Bc8 14. Qe2 g6 15.
Re1 Bg7 16. Ned3 O-O 17. Nxe6 Bxe6 18. Qxe6+ Kh8 19. Qxe7 Rae8 20. Qxc7 Rxe1+
21. Nxe1 Re8 22. Qxc6 Rxe1+ 23. Kf2 d4 24. Qc8+ Bf8 25. Qxf8# 1-0

[Event "ICS rated blitz match"]
[Site "204.178.125.65"]
[Date "2000.06.29"]
[Round "?"]
[White "Hossa"]
[Black "PostModernist"]
[Result "1/2-1/2"]
[WhiteElo "2413"]
[BlackElo "2579"]
[PlyCount "130"]
[EventDate "2000.??.??"]

1. e4 e5 2. Bc4 Nf6 3. d3 Nc6 4. Bg5 Be7 5. Nf3 d6 6. O-O O-O 7. Nc3 Bg4 8. Be3
Na5 9. Bb3 Nxb3 10. axb3 a5 11. d4 exd4 12. Bxd4 Re8 13. Qe2 c5 14. Bxf6 Bxf6
15. Qd3 Bxf3 16. Qxf3 Be5 17. Nd5 Bxb2 18. Rab1 Be5 19. Qh5 Re6 20. Qf5 b5 21.
Rfd1 Rg6 22. c4 bxc4 23. bxc4 Rh6 24. g3 g6 25. Qf3 Qg5 26. Qg2 Bd4 27. Rb7 f6
28. h4 Qe5 29. Re7 Qh5 30. Rxd4 cxd4 31. Nxf6+ Kf8 32. Nxh5 Kxe7 33. e5 Rxh5
34. exd6+ Kxd6 35. Qxa8 Kc5 36. g4 Rxh4 37. Qxa5+ Kxc4 38. Qc7+ Kb5 39. Qe7 Rh3
40. Kg2 Rc3 41. Qb7+ Ka4 42. Qxh7 d3 43. Qxg6 Kb3 44. f4 d2 45. Qb1+ Kc4 46.
Kf2 Rc1 47. Qe4+ Kc3 48. Qe5+ Kc2 49. Qe2 Kc3 50. Qe3+ Kc2 51. Qc5+ Kd3 52.
Qb5+ Kc3 53. Qc6+ Kb3 54. Qd5+ Kc3 55. Qa5+ Kd3 56. Qa6+ Kd4 57. Qa7+ Kc3 58.
Qa3+ Kc2 59. Qa4+ Kc3 60. Qa5+ Kd3 61. Qa6+ Kd4 62. Qd6+ Kc3 63. Qa3+ Kc2 64.
Qa4+ Kc3 65. Qa5+ Kd3 1/2-1/2

[Event "ICS Rated blitz match"]
[Site "204.178.125.65"]
[Date "2000.06.29"]
[Round "?"]
[White "PostModernist"]
[Black "Hossa"]
[Result "1/2-1/2"]
[WhiteElo "2576"]
[BlackElo "2420"]
[PlyCount "178"]
[EventDate "2000.??.??"]

1. d4 Nf6 2. c4 e6 3. Nf3 b6 4. a3 Ba6 5. Nbd2 Bb7 6. Qc2 d5 7. e3 Bd6 8. Be2
Nbd7 9. b4 dxc4 10. Nxc4 O-O 11. O-O Be4 12. Qd1 Rc8 13. Bb2 Qe7 14. Rc1 Rfd8
15. Re1 Ng4 16. g3 Ngf6 17. Qa4 c6 18. Nxd6 Qxd6 19. Ng5 Qd5 20. Nxe4 Nxe4 21.
f3 Ng5 22. e4 Qd6 23. f4 Nxe4 24. Ba6 b5 25. Qa5 Nd2 26. Bxc8 Rxc8 27. Qxa7
Nf3+ 28. Kf2 Nxe1 29. Rxe1 Nf6 30. Qc5 Qd7 31. Kf3 Nd5 32. Ra1 Ra8 33. Kf2 Nf6
34. Ke2 Ne4 35. Qe5 f5 36. Kd1 Rd8 37. Ke1 Qe7 38. Rc1 Rd6 39. Ke2 h5 40. Rc2
Qf7 41. Kf1 Kh7 42. Rg2 Rd8 43. Ke1 Kg8 44. Rc2 Rc8 45. Kf1 Rc7 46. Kg2 Qd7 47.
Re2 Rc8 48. Rc2 Rd8 49. d5 exd5 50. Rxc6 Qf7 51. Rb6 Re8 52. Qd4 Rc8 53. Qd1 h4
54. Rxb5 Rd8 55. gxh4 Qg6+ 56. Kf1 Qc6 57. a4 Qh6 58. Be5 Qxh4 59. Qe2 Qh3+ 60.
Kg1 Re8 61. Rb7 g5 62. a5 g4 63. a6 Rc8 64. Rb8 Rxb8 65. Bxb8 Kf7 66. a7 Qa3
67. b5 Qa1+ 68. Kg2 Qa4 69. b6 d4 70. b7 d3 71. a8=Q dxe2 72. Qxa4 e1=Q 73.
Qa2+ Ke7 74. Ba7 Qd1 75. Qc4 Qd2+ 76. Kg1 g3 77. Qc7+ Kf6 78. Qe5+ Kg6 79. Qe6+
Kg7 80. Qe7+ Kg6 81. Qe8+ Kg7 82. hxg3 Qe1+ 83. Kg2 Qe2+ 84. Kh3 Nf2+ 85. Kg2
Ne4+ 86. Kg1 Qe1+ 87. Kh2 Qe2+ 88. Kh3 Nf2+ 89. Kg2 Ne4+ 1/2-1/2

[Event "ICS rated blitz match"]
[Site "204.178.125.65"]
[Date "2000.06.29"]
[Round "?"]
[White "Hossa"]
[Black "Beadle"]
[Result "0-1"]
[WhiteElo "2427"]
[BlackElo "2530"]
[PlyCount "162"]
[EventDate "2000.??.??"]

1. e4 e5 2. Nf3 Nc6 3. Bb5 a6 4. Ba4 Nf6 5. O-O Be7 6. Re1 b5 7. Bb3 d6 8. c3
O-O 9. d4 Bg4 10. d5 Na5 11. Bc2 c6 12. Nbd2 Rc8 13. b4 Nb7 14. dxc6 Rxc6 15.
Bb2 Qb6 16. a4 Nd8 17. Bd3 Ne6 18. axb5 axb5 19. Ra5 Nc7 20. Qe2 Rb8 21. Rea1
Nh5 22. g3 Bg5 23. Qe1 Bxd2 24. Nxd2 Nf6 25. Bf1 Rb7 26. h3 Be6 27. g4 h5 28.
g5 Nh7 29. Qd1 Nxg5 30. Qxh5 Nh7 31. Qh4 Nf8 32. Nf3 f6 33. Nd2 Ng6 34. Qg3 Nf4
35. Qh2 d5 36. Qh1 d4 37. Nb1 d3 38. Qf3 Bc4 39. Qg4 Rb8 40. Nd2 Rd8 41. Ra7
Be6 42. Qf3 Rdd6 43. h4 Qb8 44. R7a5 Na6 45. Qd1 Qb7 46. Qf3 Rc7 47. Qd1 Nb8
48. Ra8 Rd8 49. Qf3 Rcd7 50. R1a7 Qxa7 51. Rxa7 Rxa7 52. Qd1 Nc6 53. Qb1 g6 54.
Qe1 Rdd7 55. Bc1 Ra2 56. f3 Ra1 57. Qd1 Ne2+ 58. Bxe2 dxe2 59. Qe1 Rd3 60. Kf2
Rxc3 61. Nb1 Rc2 62. Bd2 Nd4 63. Qg1 Rxd2 64. Qxg6+ Kf8 65. Qh6+ Ke7 66. Qxd2
Rxb1 67. Qxe2 Nxe2 68. Kxe2 Rxb4 69. Kd2 Rb2+ 70. Kc3 Rb3+ 71. Kd2 Rxf3 72. Ke2
Rf4 73. Kd3 Rxh4 74. Ke3 b4 75. Ke2 b3 76. Kf1 b2 77. Kf2 b1=R 78. Kg3 Rh3+ 79.
Kg2 Rhh1 80. Kg3 Rb2 81. Kf3 Rh3# {Hossa checkmated} 0-1

[Event "ICS rated standard match"]
[Site "204.178.125.65"]
[Date "2000.06.29"]
[Round "?"]
[White "QueenMaxima"]
[Black "Hossa"]
[Result "1-0"]
[WhiteElo "2369"]
[BlackElo "2240"]
[PlyCount "89"]
[EventDate "2000.??.??"]

1. e4 e5 2. Nf3 Nc6 3. Bb5 a6 4. Ba4 d6 5. O-O Bd7 6. c3 Nf6 7. d4 Be7 8. Re1
O-O 9. Nbd2 exd4 10. cxd4 d5 11. e5 Nh5 12. Nf1 Bf5 13. Bxc6 bxc6 14. h3 Bb4
15. Bd2 Bxd2 16. Qxd2 Qc8 17. N3h2 Bxh3 18. gxh3 Qxh3 19. Rac1 Qh4 20. Rxc6 Nf4
21. Ne3 Rfc8 22. Rec1 Nh3+ 23. Kf1 Nf4 24. Ng2 Nxg2 25. Kxg2 Ra7 26. R1c5 Qe4+
27. f3 Qh4 28. Rxd5 Rb7 29. Rxa6 Re8 30. Rd7 Rc8 31. Rc6 Ra7 32. d5 h6 33. d6
Rxa2 34. dxc7 Raa8 35. Qd5 Kh8 36. Qxf7 Rg8 37. Ng4 Raf8 38. Qg6 Rc8 39. f4
Rce8 40. Nf6 Qxf6 41. exf6 Re2+ 42. Kf3 Re3+ 43. Kxe3 Re8+ 44. Qxe8+ Kh7 45.
Rxg7# {Hossa checkmated} 1-0

[Event "ICS rated standard match"]
[Site "204.178.125.65"]
[Date "2000.06.29"]
[Round "?"]
[White "Hossa"]
[Black "QueenMaxima"]
[Result "1/2-1/2"]
[WhiteElo "2230"]
[BlackElo "2379"]
[PlyCount "217"]
[EventDate "2000.??.??"]

1. e4 e5 2. Nf3 Nc6 3. Bb5 a6 4. Ba4 Nf6 5. O-O Be7 6. Bxc6 dxc6 7. Nc3 Bg4 8.
h3 Bh5 9. g4 Nxg4 10. hxg4 Bxg4 11. Re1 O-O 12. Kg2 Bh4 13. Qe2 Re8 14. Qd3
Qxd3 15. cxd3 Bf6 16. Rh1 h6 17. Kg3 Be6 18. Na4 Rad8 19. b3 Bc8 20. Nb2 c5 21.
Kg2 Bg4 22. Ne1 Bg5 23. Nc4 Be2 24. f3 Bxd3 25. Nxd3 Rxd3 26. Nb2 Rd7 27. d3 f6
28. Bxg5 fxg5 29. Rac1 b6 30. Rcd1 Kf7 31. Nc4 Ke6 32. Kf2 Rf8 33. Ne3 Rdf7 34.
Rh3 Rd8 35. Rd2 a5 36. Ke2 a4 37. bxa4 Ra8 38. Kf2 Rxa4 39. Rh1 Ra3 40. Kg2 Rd7
41. Rhd1 c6 42. Nc4 Ra6 43. Rc2 Rd4 44. Kf2 Rd8 45. Ke2 Rda8 46. Rdd2 Kf6 47.
Rb2 Rb8 48. Rd1 b5 49. Nd2 Rba8 50. Ra1 Ke6 51. Nb3 Kd6 52. Rc2 Ra3 53. Nd2
R8a6 54. Rb2 Ra7 55. Nf1 g6 56. Nd2 Ke6 57. Rc2 Kd6 58. Nb1 R3a4 59. Ke3 Rd4
60. Rh2 h5 61. Rg2 Rd7 62. Rxg5 Kc7 63. Rxe5 Rxd3+ 64. Ke2 c4 65. a4 b4 66. Rc5
R3d4 67. a5 c3 68. Ra4 h4 69. Ra1 h3 70. Nxc3 Rd2+ 71. Ke3 R2d3+ 72. Kf2 Rxc3
73. Rxc3 bxc3 74. Kg3 Rh7 75. Kh2 Rf7 76. a6 Kb6 77. Kxh3 Rxf3+ 78. Kg4 Rf7 79.
Kg5 Ra7 80. Rc1 Re7 81. Kxg6 Rxe4 82. Rxc3 Ra4 83. Kf5 Rxa6 84. Ke4 Ra1 85.
Rb3+ Kc5 86. Rc3+ Kb5 87. Kd3 Rd1+ 88. Kc2 Rd4 89. Rb3+ Kc4 90. Rc3+ Kd5 91.
Rd3 Rxd3 92. Kxd3 c5 93. Kc3 Ke4 94. Kc4 Kf4 95. Kd3 Kf3 96. Kc4 Kg3 97. Kd3
Kh4 98. Ke3 Kg4 99. Ke4 Kg5 100. Kf3 Kg6 101. Kg3 Kg7 102. Kg4 Kf8 103. Kg5 Ke8
104. Kf5 c4 105. Ke4 Kd7 106. Kf4 Kc6 107. Ke3 c3 108. Kd3 c2 109. Kxc2 1/2-1/2

[Event "ICS rated blitz match"]
[Site "204.178.125.65"]
[Date "2000.06.29"]
[Round "?"]
[White "QueenMaxima"]
[Black "Hossa"]
[Result "1-0"]
[WhiteElo "2587"]
[BlackElo "2416"]
[PlyCount "121"]
[EventDate "2000.??.??"]

1. e4 e5 2. Nf3 Nc6 3. Bb5 a6 4. Ba4 d6 5. O-O Nf6 6. Re1 Bg4 7. c3 b5 8. Bb3
Be7 9. d3 O-O 10. h3 Be6 11. Be3 Bxb3 12. axb3 d5 13. exd5 Nxd5 14. b4 Qd7 15.
Bc5 Bxc5 16. bxc5 Rfe8 17. Qd2 b4 18. c4 Nf6 19. Qc2 Nh5 20. Qd2 f6 21. Rd1 Nf4
22. Qe3 Nd4 23. Nxd4 Qxd4 24. Qxd4 exd4 25. Kf1 a5 26. c6 Re6 27. g3 Nxh3 28.
Nd2 Rxc6 29. f4 g5 30. Kg2 g4 31. Nb3 Rd6 32. Re1 a4 33. Re7 Ra7 34. Nc5 a3 35.
bxa3 bxa3 36. Rb1 Rd8 37. Nd7 a2 38. Ra1 Ra6 39. Nc5 Rc6 40. Ne6 Ra8 41. Nxc7
Ra3 42. Nb5 Rxd3 43. Rxa2 Rc8 44. Nd6 Rb8 45. Ne4 f5 46. Nf6+ Kf8 47. Rc7 Rdb3
48. Nd7+ Kg8 49. Nxb8 Rxb8 50. Rd7 Re8 51. Rxd4 Re7 52. Rd5 Rc7 53. c5 Rf7 54.
Ra8+ Kg7 55. c6 Kh6 56. Rd7 Rf6 57. c7 Rc6 58. c8=Q Rb6 59. Qf8+ Kg6 60. Qf7+
Kh6 61. Qxh7# {Hossa checkmated} 1-0

[Event "ICS Rated standard match"]
[Site "204.178.125.65"]
[Date "2000.06.29"]
[Round "?"]
[White "PostModernist"]
[Black "Hossa"]
[Result "1-0"]
[WhiteElo "2403"]
[BlackElo "2236"]
[PlyCount "107"]
[EventDate "2000.??.??"]

1. e4 e5 2. Bc4 Nf6 3. d3 Nc6 4. Nc3 Na5 5. Bb3 Nxb3 6. axb3 Bb4 7. Nf3 d5 8.
exd5 Qxd5 9. Bd2 Bxc3 10. Bxc3 Bg4 11. h3 Bxf3 12. Qxf3 Qxf3 13. gxf3 O-O 14.
f4 exf4 15. Bxf6 Rfe8+ 16. Kd1 gxf6 17. Ra4 Re5 18. Rxf4 Kg7 19. h4 f5 20. Rc4
c6 21. Rg1+ Kf6 22. Rd4 Ke7 23. Kd2 Re8 24. f4 Re6 25. Ra4 Kf6 26. Rg2 a6 27.
Rb4 b5 28. Rd4 Ke7 29. b4 Rg6 30. Re2+ Kf8 31. Rh2 Ree6 32. h5 Rg4 33. c4 Ke7
34. c5 h6 35. Kc3 Rg1 36. Kc2 Rf1 37. Kd2 Rb1 38. Kc3 Rc1+ 39. Kb3 Ke8 40. Ka2
Rf1 41. b3 Ke7 42. Kb2 Rd1 43. Kc2 Rde1 44. Kc3 Ke8 45. Rg2 Rh1 46. Rg8+ Ke7
47. Ra8 Rc1+ 48. Kd2 Rf1 49. Rxa6 Rh1 50. Ra7+ Ke8 51. Rdd7 Rf6 52. Rdc7 Kd8
53. Rcb7 Kc8 54. Rb6 {Hossa resigns} 1-0

[Event "ICS rated bullet match"]
[Site "204.178.125.65"]
[Date "2000.06.29"]
[Round "?"]
[White "JSBach"]
[Black "Hossa"]
[Result "0-1"]
[WhiteElo "2114"]
[BlackElo "2527"]
[PlyCount "84"]
[EventDate "2000.??.??"]

1. d4 Nf6 2. Nf3 e6 3. Bf4 b6 4. Nc3 Nc6 5. Qd3 Be7 6. O-O-O Ng4 7. Nb5 Nxf2 8.
Nxc7+ Kf8 9. Qc4 Rb8 10. Rg1 Nxd1 11. Kxd1 Rb7 12. Nb5 g5 13. Bg3 g4 14. Nd2
Bg5 15. Bd6+ Kg7 16. Qd3 a6 17. Nc3 Be7 18. Nde4 f5 19. Bxe7 fxe4 20. Qxe4 Nxe7
21. Qxg4+ Ng6 22. e4 Qf6 23. e5 Qf2 24. Rh1 h5 25. Qe4 Rc7 26. Bd3 Nf4 27. Rf1
Nxd3 28. Qxd3 Qxg2 29. Rf3 Rxc3 30. Qxc3 Qh1+ 31. Ke2 Qxh2+ 32. Ke1 Bb7 33. Rf2
Qg1+ 34. Rf1 Qg5 35. Kd1 Qg2 36. Qc4 Rc8 37. Qd3 Rxc2 38. Rf6 Be4 39. Qe3 Qh1+
40. Rf1 Qxf1+ 41. Qe1 Qf3+ 42. Qe2 Qxe2# {JSBach checkmated} 0-1

[Event "ICS rated blitz match"]
[Site "204.178.125.65"]
[Date "2000.06.29"]
[Round "?"]
[White "Hossa"]
[Black "QueenMaxima"]
[Result "1/2-1/2"]
[WhiteElo "2407"]
[BlackElo "2597"]
[PlyCount "132"]
[EventDate "2000.??.??"]

1. e4 e5 2. Bc4 Nf6 3. d3 Nc6 4. Nc3 Bb4 5. Nf3 d6 6. O-O Bxc3 7. bxc3 Na5 8.
Bb3 O-O 9. Bg5 Be6 10. Bxe6 fxe6 11. d4 c5 12. dxe5 dxe5 13. Qxd8 Raxd8 14.
Nxe5 h6 15. Be3 Nxe4 16. f3 Nxc3 17. Bxc5 Rf5 18. Rfe1 Rd5 19. Bb4 Rfxe5 20.
Rxe5 Rxe5 21. Bxc3 Rc5 22. Bb4 Rb5 23. Bc3 Nc6 24. Re1 Rc5 25. Re3 e5 26. Rd3
b5 27. a3 a5 28. Re3 b4 29. axb4 axb4 30. Be1 Rxc2 31. h3 Kf7 32. Rd3 Ke6 33.
Kf1 h5 34. Kg1 g5 35. Bf2 g4 36. hxg4 hxg4 37. fxg4 e4 38. Rb3 Kd5 39. Rb1 Rd2
40. g5 Kc4 41. Rc1+ Kd5 42. Rb1 Rc2 43. g6 Ke6 44. Bh4 Rc4 45. Rf1 e3 46. g7
Rg4 47. Rf6+ Kd7 48. Rf7+ Kd6 49. Bf6 b3 50. Rf8 Ke6 51. Kf1 Ne7 52. Ke2 Rg3
53. Kd3 Rg6 54. Bxe7 b2 55. Kc2 Kxe7 56. Rb8 Rxg7 57. Kd3 Rxg2 58. Kxe3 Kd7 59.
Rb7+ Kc6 60. Rb8 Kd5 61. Kd3 Rg3+ 62. Kc2 b1=Q+ 63. Rxb1 Rh3 64. Rc1 Rh4 65.
Rd1+ Rd4 66. Rxd4+ Kxd4 1/2-1/2

[Event "ICS rated standard match"]
[Site "204.178.125.65"]
[Date "2000.06.29"]
[Round "?"]
[White "QueenMaxima"]
[Black "Hossa"]
[Result "1/2-1/2"]
[WhiteElo "2373"]
[BlackElo "2227"]
[PlyCount "94"]
[EventDate "2000.??.??"]

1. e4 e5 2. Nf3 Nc6 3. Bb5 a6 4. Ba4 d6 5. O-O Nge7 6. d4 b5 7. Bb3 exd4 8. Re1
Na5 9. Nxd4 c5 10. Bd5 Nxd5 11. exd5+ Be7 12. Nc6 Nxc6 13. dxc6 Be6 14. a4 b4
15. Qf3 O-O 16. c3 Qc7 17. cxb4 cxb4 18. Bf4 Bf6 19. Rd1 Rfd8 20. Nd2 Rac8 21.
Ne4 Bxb2 22. Rab1 Be5 23. Bxe5 dxe5 24. Nc5 a5 25. Nxe6 fxe6 26. Rbc1 Rd6 27.
Rxd6 Qxd6 28. Kf1 g6 29. Rd1 Qc5 30. Qf6 Re8 31. Rd7 Qc1+ 32. Ke2 Qc2+ 33. Ke3
Qb3+ 34. Ke4 Qc4+ 35. Ke3 Qc3+ 36. Ke2 Qb2+ 37. Kd1 Qa1+ 38. Kd2 Qc3+ 39. Kd1
Qa1+ 40. Ke2 Qb2+ 41. Ke3 Qc1+ 42. Kd3 e4+ 43. Ke2 Qc2+ 44. Ke3 Qc1+ 45. Ke2
Qc2+ 46. Kf1 Qc1+ 47. Ke2 Qc2+ 1/2-1/2

[Event "ICS rated standard match"]
[Site "204.178.125.65"]
[Date "2000.06.29"]
[Round "?"]
[White "Hossa"]
[Black "PostModernist"]
[Result "0-1"]
[WhiteElo "2233"]
[BlackElo "2412"]
[PlyCount "63"]
[EventDate "2000.??.??"]

1. e4 g6 2. d4 Bg7 3. Nc3 c6 4. f4 d5 5. e5 h5 6. Nf3 Nh6 7. Bd3 Bf5 8. Ng5 e6
9. O-O Qe7 10. Bd2 Bxd3 11. cxd3 Nf5 12. Ne2 Na6 13. Qe1 O-O-O 14. Rd1 f6 15.
Nf3 h4 16. exf6 Bxf6 17. Rf2 h3 18. g4 Nh4 19. Ne5 Bxe5 20. fxe5 Ng2 21. Qf1
Qh4 22. g5 Qg4 23. Kh1 Nc7 24. Rf6 Nh4 25. Qf2 Rdg8 26. Rg1 Qh5 27. Rf7 Rh7 28.
Rf8+ Rxf8 29. Qxf8+ Ne8 30. Qxe8+ Kc7 31. Ba5+ b6 32. Bxb6+ {Hossa resigns} 0-1

[Event "ICS rated standard match"]
[Site "204.178.125.65"]
[Date "2000.06.29"]
[Round "?"]
[White "Hossa"]
[Black "WILDKNIGHTS"]
[Result "1-0"]
[WhiteElo "2225"]
[BlackElo "2070"]
[PlyCount "139"]
[EventDate "2000.??.??"]

1. e4 d5 2. exd5 Nf6 3. d4 Bg4 4. f3 Bf5 5. Bb5+ Nbd7 6. c4 a6 7. Bxd7+ Qxd7 8.
Nc3 e6 9. g4 Bg6 10. Nge2 exd5 11. g5 Nh5 12. Nxd5 O-O-O 13. O-O Bd6 14. Rf2
Rhe8 15. b4 Kb8 16. a3 Qf5 17. Bd2 c6 18. Ndc3 Nf4 19. Nxf4 Bxf4 20. Ne4 Ka8
21. Bc1 Bxc1 22. Rxc1 Rxe4 23. fxe4 Qxg5+ 24. Kf1 Bxe4 25. Rc3 f5 26. b5 c5 27.
bxa6 Rxd4 28. axb7+ Bxb7 29. Qb3 Qg4 30. Rc1 Qe4 31. Qa4+ Kb8 32. Qc2 Qxc2 33.
Rfxc2 Rd3 34. Ra2 Rh3 35. a4 Ba6 36. a5 Rh4 37. Rac2 Kc7 38. Kg2 g5 39. Kg1 Kb8
40. Rf2 Bc8 41. Rb2+ Ka7 42. Rb5 Rg4+ 43. Kf1 Rf4+ 44. Ke1 Rh4 45. Rxc5 Be6 46.
Rc6 Re4+ 47. Kd2 Kb7 48. Rb6+ Ka7 49. c5 Bc8 50. Rh6 Re7 51. Kc3 Bd7 52. Rg1 g4
53. Rb1 Be8 54. Rbb6 Bg6 55. Rd6 Kb7 56. Kb3 Re4 57. Rb6+ Kc7 58. a6 Re1 59.
Kb2 Re4 60. Rb7+ Kc8 61. c6 f4 62. a7 Ra4 63. Rb8+ Kc7 64. a8=R Rxa8 65. Rxa8
f3 66. Ra7+ Kc8 67. Raxh7 f2 68. Rxg6 f1=Q 69. Rg8+ Qf8 70. Rxf8# 1-0

[Event "ICS rated blitz match"]
[Site "204.178.125.65"]
[Date "2000.06.29"]
[Round "?"]
[White "Hossa"]
[Black "TigerMilk"]
[Result "1-0"]
[WhiteElo "2421"]
[BlackElo "2498"]
[PlyCount "71"]
[EventDate "2000.??.??"]

1. e4 Nf6 2. e5 Ng8 3. Nf3 d5 4. Bb5+ c6 5. Be2 Bg4 6. O-O e6 7. d4 c5 8. Nc3
Nc6 9. Be3 Nge7 10. dxc5 Nf5 11. Bg5 Qb8 12. Rb1 Bxc5 13. Re1 O-O 14. Na4 Bb4
15. c3 Be7 16. Bxe7 Nfxe7 17. Nd4 Bxe2 18. Qxe2 Ng6 19. Nxc6 bxc6 20. Nc5 Qc7
21. b4 a5 22. Ra1 Rfb8 23. a3 h6 24. Na6 Rxa6 25. Qxa6 axb4 26. axb4 Nxe5 27.
Qa7 Rb7 28. Qd4 Nc4 29. Ra8+ Kh7 30. Qd3+ g6 31. Qd4 e5 32. Qc5 Nb6 33. Re8 Nd7
34. Qe7 Kg7 35. Rd8 d4 36. Qe8 {TigerMilk resigns} 1-0

[Event "ICS rated standard match"]
[Site "204.178.125.65"]
[Date "2000.06.29"]
[Round "?"]
[White "ET2000"]
[Black "Hossa"]
[Result "1-0"]
[WhiteElo "2677"]
[BlackElo "2234"]
[PlyCount "131"]
[EventDate "2000.??.??"]

1. e4 e5 2. Nf3 Nc6 3. Bb5 a6 4. Ba4 d6 5. d4 b5 6. Bb3 Nxd4 7. Nxd4 exd4 8.
Bd5 Rb8 9. Bc6+ Bd7 10. Bxd7+ Qxd7 11. Qxd4 Nf6 12. O-O Be7 13. Nc3 O-O 14. Bd2
b4 15. Nd5 Nxd5 16. Qxd5 Bf6 17. Rab1 Qe6 18. a3 Rfe8 19. axb4 Qxe4 20. Qxe4
Rxe4 21. c3 Kf8 22. Ra1 Re2 23. Rfd1 Ra8 24. Ra4 h6 25. Kf1 Rae8 26. Rxa6 g5
27. b5 Bd8 28. c4 R2e4 29. c5 dxc5 30. Rxh6 f6 31. Rh8+ Kf7 32. Rh7+ Kg6 33.
Rd7 Rh4 34. Be3 Be7 35. Rxc7 Rxh2 36. Rdd7 Rh1+ 37. Ke2 Bf8 38. b6 Rb1 39. b7
Rxb2+ 40. Rd2 Rxd2+ 41. Kxd2 Rb8 42. Rc8 Bd6 43. Rxb8 Bxb8 44. Kc3 Kf7 45. Kc4
Ke6 46. Kxc5 Kd7 47. Kb6 Kd6 48. Bd4 f5 49. Bf6 Bc7+ 50. Ka7 g4 51. Bd8 Bxd8
52. b8=Q+ Bc7 53. Qc8 Kc6 54. g3 Kd6 55. Kb7 Ba5 56. Qxf5 Be1 57. Qd3+ Ke6 58.
Qe4+ Kf6 59. Qxe1 Kf7 60. f4 Kf6 61. Qe5+ Kg6 62. f5+ Kf7 63. Qd6 Kg7 64. Qe7+
Kh6 65. Kb6 Kh5 66. Qh4# {Hossa checkmated} 1-0

[Event "ICS rated standard match"]
[Site "204.178.125.65"]
[Date "2000.06.29"]
[Round "?"]
[White "PostModernist"]
[Black "Hossa"]
[Result "0-1"]
[WhiteElo "2420"]
[BlackElo "2232"]
[PlyCount "94"]
[EventDate "2000.??.??"]

1. d4 Nf6 2. c4 e6 3. Nf3 b6 4. g3 Ba6 5. b3 Bb7 6. Bg2 Bb4+ 7. Bd2 a5 8. O-O
O-O 9. Bc3 Be7 10. Bb2 a4 11. bxa4 d6 12. Nc3 Nc6 13. d5 Na5 14. dxe6 fxe6 15.
Bh3 e5 16. Be6+ Kh8 17. Qc2 Nd7 18. Rfb1 Nc5 19. Bd5 c6 20. Be4 Nxc4 21. Bxh7
d5 22. Bf5 e4 23. Nd4 Bf6 24. e3 Bxd4 25. exd4 Nd3 26. g4 Ncxb2 27. Rxb2 Nxb2
28. Qxb2 Bc8 29. Bxc8 Qxc8 30. h3 Qa6 31. Nd1 Rf3 32. h4 Raf8 33. h5 R8f4 34.
Ne3 Rxf2 35. Qxf2 Rxf2 36. Kxf2 Qxa4 37. Re1 Qxd4 38. Re2 Qe5 39. Ng2 d4 40.
Re1 d3 41. Rb1 Qf6+ 42. Kg1 Qd4+ 43. Kh2 d2 44. Nf4 Qd6 45. Kg3 Qa3+ 46. Kh4
Kh7 47. Rg1 Qe3 0-1

[Event "ICS rated bullet match"]
[Site "204.178.125.65"]
[Date "2000.06.30"]
[Round "?"]
[White "PostModernist"]
[Black "Hossa"]
[Result "1-0"]
[WhiteElo "2574"]
[BlackElo "2531"]
[PlyCount "147"]
[EventDate "2000.??.??"]

1. d4 Nf6 2. c4 e6 3. Nf3 b6 4. Nc3 Bb7 5. a3 c5 6. d5 exd5 7. cxd5 Bd6 8. e3
O-O 9. Bd3 Na6 10. O-O Nc7 11. e4 Ng4 12. e5 Nxe5 13. Nxe5 Bxe5 14. Bxh7+ Kxh7
15. Qh5+ Kg8 16. Qxe5 Ba6 17. Rd1 Nb5 18. Qg3 Nd4 19. Bg5 f6 20. Be3 Nc2 21.
Bh6 Qe7 22. Rac1 Nd4 23. Re1 Qf7 24. Qg4 f5 25. Qg5 Qf6 26. Qxf6 Rxf6 27. Bf4
Bc4 28. Re7 Rf7 29. Rce1 a6 30. Bc7 Raf8 31. Bxb6 d6 32. Bc7 Ne2+ 33. R1xe2
Bxe2 34. Bxd6 Bc4 35. Rxf7 Rxf7 36. Bxc5 Rb7 37. b4 Rd7 38. d6 Kf7 39. Na4 Rd8
40. Nb6 Bb3 41. a4 f4 42. b5 Re8 43. f3 axb5 44. axb5 Re1+ 45. Kf2 Rd1 46. d7
Be6 47. Ke2 Rxd7 48. Nxd7 Bxd7 49. b6 Bc6 50. Bd6 g5 51. Bc7 Kg6 52. Kf2 Kf5
53. g3 fxg3+ 54. Kxg3 Bd5 55. h3 Bc6 56. f4 gxf4+ 57. Bxf4 Bd5 58. h4 Kg6 59.
Be3 Kh5 60. Bg5 Kg6 61. Kf4 Bb7 62. Ke5 Kf7 63. h5 Bf3 64. Kd6 Be4 65. Kc7 Ke6
66. b7 Bh7 67. b8=Q Bc2 68. Qb5 Kf7 69. Qd7+ Kg8 70. Qe6+ Kh8 71. Bf6+ Kh7 72.
Qf7+ Kh6 73. Qg7+ Kxh5 74. Qg5# {Hossa checkmated} 1-0

[Event "ICS rated bullet match"]
[Site "204.178.125.65"]
[Date "2000.06.30"]
[Round "?"]
[White "Hossa"]
[Black "netfish"]
[Result "1-0"]
[WhiteElo "2517"]
[BlackElo "1213"]
[PlyCount "63"]
[EventDate "2000.??.??"]

1. e4 c5 2. f4 Nc6 3. Nc3 g6 4. Bc4 Bg7 5. Nf3 e6 6. O-O Nge7 7. e5 O-O 8. Ne4
d6 9. Nxd6 Nf5 10. Nxf5 gxf5 11. d3 a6 12. a4 Rb8 13. Be3 b5 14. axb5 axb5 15.
Ba2 c4 16. dxc4 bxc4 17. Bxc4 Na5 18. Qxd8 Rxd8 19. Rxa5 Bb7 20. Ng5 h6 21.
Nxe6 fxe6 22. Bxe6+ Kh7 23. Bxf5+ Kh8 24. b4 Bd5 25. Rd1 Bc4 26. Rxd8+ Rxd8 27.
Kf2 Rd1 28. Ra8+ Rd8 29. Rxd8+ Bf8 30. e6 Kg8 31. e7 Kf7 32. exf8=Q# {
netfish checkmated} 1-0

[Event "ICS rated bullet match"]
[Site "204.178.125.65"]
[Date "2000.06.30"]
[Round "?"]
[White "netfish"]
[Black "Hossa"]
[Result "0-1"]
[WhiteElo "1213"]
[BlackElo "2517"]
[PlyCount "46"]
[EventDate "2000.??.??"]

1. e4 e5 2. Nf3 Nc6 3. Bc4 Nf6 4. Ng5 d5 5. exd5 b5 6. Bxb5 Qxd5 7. Bxc6+ Qxc6
8. O-O Bd6 9. Nf3 e4 10. Nd4 Bxh2+ 11. Kxh2 Qd6+ 12. Kg1 Qxd4 13. d3 Bg4 14.
Qe1 O-O 15. Qxe4 Nxe4 16. dxe4 Qxe4 17. Nc3 Qxc2 18. Bf4 Qxb2 19. Bxc7 Qxc3 20.
Bg3 Qd2 21. Rad1 Bxd1 22. Rxd1 Qxd1+ 23. Kh2 Qh5+ {netfish resigns} 0-1

[Event "ICS rated bullet match"]
[Site "204.178.125.65"]
[Date "2000.06.30"]
[Round "?"]
[White "netfish"]
[Black "Hossa"]
[Result "0-1"]
[WhiteElo "1213"]
[BlackElo "2517"]
[PlyCount "44"]
[EventDate "2000.??.??"]

1. e4 e5 2. Nf3 Nc6 3. Bc4 Nf6 4. Ng5 d5 5. exd5 b5 6. Bxb5 Qxd5 7. Bxc6+ Qxc6
8. Nf3 e4 9. Nd4 Qd7 10. Nb3 Ba6 11. d3 Be7 12. O-O exd3 13. cxd3 O-O 14. d4
Bxf1 15. Qxf1 Rfe8 16. Nc3 Ng4 17. h3 Nf6 18. Bg5 Qf5 19. Bh4 Bd6 20. Bxf6 Qxf6
21. d5 Qf4 22. Re1 Qh2# {netfish checkmated} 0-1

[Event "ICS rated bullet match"]
[Site "204.178.125.65"]
[Date "2000.06.30"]
[Round "?"]
[White "Hossa"]
[Black "I80PROOF"]
[Result "1-0"]
[WhiteElo "2518"]
[BlackElo "1469"]
[PlyCount "33"]
[EventDate "2000.??.??"]

1. e4 Nc6 2. Nf3 b6 3. Nc3 Bb7 4. d4 e5 5. d5 Nce7 6. Nxe5 d6 7. Bb5+ c6 8.
dxc6 Bc8 9. c7+ Qd7 10. Bxd7+ Bxd7 11. Nxd7 Kxd7 12. Nb5 a6 13. Qxd6+ Kc8 14.
Qd8+ Kb7 15. c8=Q+ Rxc8 16. Qd7+ Kb8 17. Qa7# {I80PROOF checkmated} 1-0

[Event "ICS rated bullet match"]
[Site "204.178.125.65"]
[Date "2000.06.30"]
[Round "?"]
[White "SpeedMaster"]
[Black "Hossa"]
[Result "0-1"]
[WhiteElo "1474"]
[BlackElo "2518"]
[PlyCount "36"]
[EventDate "2000.??.??"]

1. e3 g6 2. Bd3 Nc6 3. Nf3 d5 4. O-O Nf6 5. Bb5 a6 6. Bxc6+ bxc6 7. Nc3 Bg7 8.
d4 Bg4 9. Bd2 O-O 10. h3 Bf5 11. Nh4 Bd7 12. Qf3 Qb8 13. g3 Qxb2 14. Rab1 Qxc2
15. Qe2 Ne4 16. Rfc1 Qxd2 17. Qxd2 Nxd2 18. Re1 Nxb1 {SpeedMaster resigns} 0-1

[Event "ICS rated bullet match"]
[Site "204.178.125.65"]
[Date "2000.06.30"]
[Round "?"]
[White "Hossa"]
[Black "Priapus"]
[Result "1-0"]
[WhiteElo "2518"]
[BlackElo "2124"]
[PlyCount "45"]
[EventDate "2000.??.??"]

1. e4 c5 2. f4 Nc6 3. Nc3 d6 4. Nf3 e6 5. Bb5 Be7 6. O-O Bd7 7. d4 cxd4 8. Nxd4
Nxd4 9. Qxd4 a6 10. Qxg7 Bf6 11. Bxd7+ Qxd7 12. Qg3 Ne7 13. Qd3 Rg8 14. Rf2 Rc8
15. Ne2 b5 16. Ng3 Bh4 17. f5 e5 18. f6 Ng6 19. Bh6 Rc4 20. Rd1 Qa7 21. Qxd6
Rc8 22. Qd3 Qb6 23. Qd7# {Priapus checkmated} 1-0